000 00613nam a22002177a 4500
003 UA-OsUOA
001 63161
007 ta
008 20090918b un ||||| |||| 00| 0 ukr d
090 _a811.112.2
_bК68
942 _cBK
040 _aUA-OsUOA
_bukr
_cUA-OsUOA
_dUA-OsUOA
245 _aКоротка граматика німецької мови
300 _a76 с.
955 _a2
041 _aukr
080 _a811.112.2
260 _aЛяйпціг
_c1942
650 7 _a8 Мовознавство. Художня література. Літературознавство
_2UDC
999 _c349252
_d349252